Synthesis and characterization of novel spin transition Fe({u2161}) complexes of some new triazoles / (رقم التسجيلة. 44652)

تفاصيل مارك
000 -LEADER
fixed length control field 01672cam a2200325 a 4500
003 - CONTROL NUMBER IDENTIFIER
control field EG-GiCUC
005 - DATE AND TIME OF LATEST TRANSACTION
control field 20250223030921.0
008 - FIXED-LENGTH DATA ELEMENTS--GENERAL INFORMATION
fixed length control field 131230s2013 ua f m 000 0 eng d
040 ## - CATALOGING SOURCE
Original cataloging agency EG-GiCUC
Language of cataloging eng
Transcribing agency EG-GiCUC
041 0# - LANGUAGE CODE
Language code of text/sound track or separate title eng
049 ## - LOCAL HOLDINGS (OCLC)
Holding library Deposite
097 ## - Thesis Degree
Thesis Level M.Sc
099 ## - LOCAL FREE-TEXT CALL NUMBER (OCLC)
Classification number Cai01.12.09.M.Sc.2013.Ho.S
100 0# - MAIN ENTRY--PERSONAL NAME
Personal name Hosam Hasan Abdelhady Ibrahim
245 10 - TITLE STATEMENT
Title Synthesis and characterization of novel spin transition Fe({u2161}) complexes of some new triazoles /
Statement of responsibility, etc. Hosam Hasan abdelhady Ibrahim ; Supervised Ahmed Soliman Abdellah
246 15 - VARYING FORM OF TITLE
Title proper/short title تحضير و توصيف متراكبات جديدة للحديد الثنائى ذات إنتقال مغناطيسى مغزلى مع بعض التريازولات الجديدة
260 ## - PUBLICATION, DISTRIBUTION, ETC.
Place of publication, distribution, etc. Cairo :
Name of publisher, distributor, etc. Hosam Hasan abdelhady Ibrahim ,
Date of publication, distribution, etc. 2013
300 ## - PHYSICAL DESCRIPTION
Extent 160 P. ;
Dimensions 25cm
502 ## - DISSERTATION NOTE
Dissertation note Thesis (M.Sc.) - Cairo University - Faculty of Science - Department of Inorganic Chemistry
520 ## - SUMMARY, ETC.
Summary, etc. The new ligands 4-cyclopropy{u2160}-{u2160},2,4-triazole (4-C₃trz), 1-cyclopropy{u2160}-1,2,4-triazole (1-C₃trz) and 1-cyclohexy{u2160}-1,2,4-triazole (1-C₆trz) have been synthesised and used as a potential ligand for preparing a novel series of Fe({u2161}) SCO compounds. The new complexes were characterized by IR-spectroscopy, elemental analyses, mass spectrometry and thermal analysis
530 ## - ADDITIONAL PHYSICAL FORM AVAILABLE NOTE
Additional physical form available note Issued also as CD
653 #4 - INDEX TERM--UNCONTROLLED
Uncontrolled term Cyclohexyltriazole
653 #4 - INDEX TERM--UNCONTROLLED
Uncontrolled term Cyclopropyltriazole
653 #4 - INDEX TERM--UNCONTROLLED
Uncontrolled term Iron ({u2161})
700 0# - ADDED ENTRY--PERSONAL NAME
Personal name Ahmed Soliman Abdellah ,
Relator term
856 ## - ELECTRONIC LOCATION AND ACCESS
Uniform Resource Identifier <a href="http://172.23.153.220/th.pdf">http://172.23.153.220/th.pdf</a>
905 ## - LOCAL DATA ELEMENT E, LDE (RLIN)
Cataloger Nazla
Reviser Revisor
905 ## - LOCAL DATA ELEMENT E, LDE (RLIN)
Cataloger Samia
Reviser Cataloger
942 ## - ADDED ENTRY ELEMENTS (KOHA)
Source of classification or shelving scheme Dewey Decimal Classification
Koha item type Thesis
المقتنيات
Source of classification or shelving scheme Not for loan Home library Current library Date acquired Full call number Barcode Date last seen Koha item type Copy number
Dewey Decimal Classification   المكتبة المركزبة الجديدة - جامعة القاهرة قاعة الرسائل الجامعية - الدور الاول 11.02.2024 Cai01.12.09.M.Sc.2013.Ho.S 01010110061671000 22.09.2023 Thesis  
Dewey Decimal Classification   المكتبة المركزبة الجديدة - جامعة القاهرة مخـــزن الرســائل الجـــامعية - البدروم 11.02.2024 Cai01.12.09.M.Sc.2013.Ho.S 01020110061671000 22.09.2023 CD - Rom 61671.CD
Cairo University Libraries Portal Implemented & Customized by: Eng. M. Mohamady Contacts: new-lib@cl.cu.edu.eg | cnul@cl.cu.edu.eg
CUCL logo CNUL logo
© All rights reserved — Cairo University Libraries
CUCL logo
Implemented & Customized by: Eng. M. Mohamady Contact: new-lib@cl.cu.edu.eg © All rights reserved — New Central Library
CNUL logo
Implemented & Customized by: Eng. M. Mohamady Contact: cnul@cl.cu.edu.eg © All rights reserved — Cairo National University Library